| 000 | 00846nam a2200277 a 4500 | ||
|---|---|---|---|
| 999 |
_c4371 _d4371 |
||
| 001 | 529 | ||
| 003 | BD-DhUAP | ||
| 005 | 20201109101735.0 | ||
| 008 | 201109r19891963ii a 001 0 eng d | ||
| 020 | _a8185015821 | ||
| 040 |
_aDLC _cCarP _dDLC _dBD-DhUAP _bEng |
||
| 082 | 0 | 4 |
_a537 FEY _223 |
| 100 | _aFeynman, Richard P. | ||
| 245 | 1 | 0 |
_aThe Feynman lectures on physics : _bmainly mechanics, radiation, and heat / _cRichard P. Feynman, Robert B. Leighton and Matthew Sands. |
| 260 |
_aNew Delhi : _bNarosa publishing house, _cc1963 [Reprinted 1989]. |
||
| 300 |
_avolumes : _billustrations ; _c28 cm. |
||
| 500 | _aIncludes index. | ||
| 505 | _aV. 1-- | ||
| 650 | _aElectromagnetism. | ||
| 650 | _aMatter. | ||
| 650 | _aPhysics. | ||
| 700 | _aLeighton, Robert B. | ||
| 700 | _aSands, Matthew . | ||
| 942 |
_2ddc _cBK |
||